Elenca la formazione - Quiz n°161 - Statistics

Statistiche generali
  • Questo quiz è stato fatto 43 volte
  • Il punteggio medio è 8 su 11
Statistiche sulle risposte
Ruolo Nazione Calciatore % Corretto
Portiere Italia Gianluigi Donnarumma
100%
Attaccante Colombia Carlos Bacca
90%
Difensore Italia Alessio Romagnoli
88%
Difensore Italia Ignazio Abate
88%
Attaccante Spagna Suso
85%
Attaccante Italia Giacomo Bonaventura
76%
Centrocampista Slovacchia Juraj Kucka
73%
Difensore Italia Mattia De Sciglio
66%
Difensore Argentina / Italia Gabriel Paletta
61%
Centrocampista Italia Manuel Locatelli
51%
Centrocampista Italia Andrea Bertolacci
44%
Nessun quiz corrispondente trovato
Distribuzione punteggi
Percentuale di utenti per punteggio
Percentile per numero di risposta
I tuoi punteggi nel tempo
Non hai fatto questo quiz